| 000 | 00944cam a22002171 4500 | ||
|---|---|---|---|
| 001 | ca 17000520 | ||
| 003 | DLC | ||
| 005 | 20260227111102.0 | ||
| 008 | 810622s1900 xx ac 000 0 eng | ||
| 010 | _aca 17000520 | ||
| 035 | _a(OCoLC)14804303 | ||
| 040 |
_aDLC _cDNLM _dOCoLC _dDLC |
||
| 042 | _apremarc | ||
| 050 | 0 | 0 |
_aHG9243 _b.W25 |
| 060 | 0 |
_aHG 9243 _bW253o 1900 |
|
| 110 | 2 | _aWar Department Beneficial Association. | |
| 245 | 1 | 0 |
_aOfficial manual and constitution book of the War department beneficial association, _bcontaining: constitution, by-laws, history of association, benefits derived therefrom, portraits and biographical sketches of the heads of various departments, bureaux or offices and other interesting matter relating to the War department, army, etc. |
| 260 |
_aWashington, D.C., _bWar department, _c1900. |
||
| 300 |
_a152 p. _bill., ports. |
||
| 500 | _aAdvertising matter interspersed; p. 86-152, advertisements. | ||
| 999 |
_c14962 _d14962 |
||